00379nam a2200157Ia 4500008004100000041000800041082001100049100002900060245003600089250000800125260003400133300000900167542001500176551001300191650001700204220531s9999 xx 000 0 und d aeng a-bWAL aWalunj, S. R. And Others aCost And Works Accounting - Iii a1ST aPunebIDOL Publicationsc2014 aQ-30 d15-12-2014 aCommerce aCost & Works